Estudios de derecho ambiental /

Guardado en:
Autor Principal: Morales Lamberti, Alicia.
Formato: Libro
Idioma:Spanish
Publicado: Córdoba : Alveroni Ediciones, 2008.
Edición:1a. ed.
Materias:
Etiquetas: Agregar Etiqueta
Sin Etiquetas, Sea el primero en etiquetar este registro!
LEADER 01007nam a22001695a 4500
001 DER.der014019
008 190909s2008####ag############000#0#spa#d
005 20251215191323.0
245 1 0 |a Estudios de derecho ambiental /  |c Alicia Morales Lamberti. 
250 |a 1a. ed. 
260 |a Córdoba :  |b Alveroni Ediciones,  |c 2008. 
300 |a 312 p. 
505 0 |a Gestión y remediación de pasivos ambientales. Políticas y atribución de responsabilidad / Alicia Morales Lamberti -- Privatización de yacimientos carboníferos Río Turbio (YCRT) y remediación de pasivos ambientales / Aldo R. Novak y Adriana C. Listoffsky -- Privatización de la actividad Aeroportuaria y remediación de los pasivos ambientales / Carmen del valle Arévalo y Lidia Medina de Bolleta -- Pasivos ambientales de la Minería de Uranio: Conflictividad social y ambiental / Alicia Morales Lamberti 
020 |a 9789876430098 
100 1 |a Morales Lamberti, Alicia. 
650 7 |a DERECHO AMBIENTAL 
859 |a DERECHO  |b BIB. DERECHO  |h 346.046  |i MOR  |p 009201